<?xml version="1.0" encoding="UTF-8"?>
<collection xmlns="http://www.loc.gov/MARC21/slim">
 <record>
  <leader>05937nam a2200349 a 4500</leader>
  <controlfield tag="001">kal1359</controlfield>
  <controlfield tag="003">Gr-AtHEAL</controlfield>
  <controlfield tag="005">20160422124718.0</controlfield>
  <controlfield tag="006">m        d        </controlfield>
  <controlfield tag="008">160413s2015    gr      s           gre|c</controlfield>
  <datafield tag="020" ind1=" " ind2=" ">
   <subfield code="a">9789606032035</subfield>
  </datafield>
  <datafield tag="040" ind1=" " ind2=" ">
   <subfield code="a">GR-AtHEAL</subfield>
   <subfield code="b">gre</subfield>
   <subfield code="c">GR-AtHEAL</subfield>
  </datafield>
  <datafield tag="082" ind1="0" ind2="4">
   <subfield code="a">547</subfield>
   <subfield code="2">23</subfield>
  </datafield>
  <datafield tag="100" ind1="1" ind2=" ">
   <subfield code="a">Αχιλιάς, Δημήτρης.</subfield>
   <subfield code="8">937</subfield>
  </datafield>
  <datafield tag="245" ind1="1" ind2="2">
   <subfield code="a">Η επιστήμη των πολυμερών μέσα από λυμένες ασκήσεις</subfield>
   <subfield code="h">[Ηλεκτρονικός πόρος] </subfield>
   <subfield code="c">Αχιλιάς, Δημήτρης ; Κριτικός αναγνώστης,Βουγιούκα, Σταματίνα ; Γλωσσική επιμέλεια,Κατσαρού, Δήμητρα ; Γραφιστική επιμέλεια,Κυριακίδου, Ελένη ; Τεχνική επιμέλεια,Μαργουνάκης, Δημήτριος ; .</subfield>
  </datafield>
  <datafield tag="260" ind1=" " ind2=" ">
   <subfield code="a">Αθήνα :</subfield>
   <subfield code="b">Σύνδεσμος Ελληνικών Ακαδημαϊκών Βιβλιοθηκών,</subfield>
   <subfield code="c">c2015.</subfield>
  </datafield>
  <datafield tag="490" ind1=" " ind2=" ">
   <subfield code="a">Ακαδημαϊκά Ηλεκτρονικά Συγγράμματα και Βοηθήματα Κάλλιπος</subfield>
   <subfield code="8">40</subfield>
  </datafield>
  <datafield tag="520" ind1=" " ind2=" ">
   <subfield code="a">Στο βιβλίο αυτό επιχειρείται η προσέγγιση της επιστήμης των πολυμερών μέσα από λυμένες ασκήσεις. Συγκεκριμένα η ύλη του βιβλίου, στοχεύει στην εμπέδωση των γνώσεων που έχουν αποκτηθεί από τα θεωρητικά μαθήματα πάνω στην Επιστήμη και Τεχνολογία Πολυμερών, μέσω της εφαρμογής τους στην επίλυση συγκεκριμένων προβλημάτων με άμεσο πρακτικό ενδιαφέρον.Στόχος είναι να δοθεί στους φοιτητές η εικόνα ότι η επιστήμη των πολυμερών δεν είναι μια θεωρητική επιστήμη, αλλά μια επιστήμη εφαρμογής και επίλυσης προβλημάτων. Το βιβλίο αυτό μπορεί να χρησιμοποιιηθεί γενικά από φοιητές των Σχολών Θετικών Επιστημών ή Πολυτεχνικής και κυρίως των τμημάτων Χημείας, Χημικών Μηχανικών, Μηχανολόγων Μηχανικών, Φυσικής και Επιστήμης Υλικών, καθώς και από τμημάτων ΤΕΙ όπως το Ανατολικής Μακεδονίας και Θράκης με το Τμήμα Μηχανικών Τεχνολογίας Πετρελαίου και Φυσικού Αερίου.Ειναι έτσι γραμμένο ώστε να συμπεριλαμβάνει διάφορους τομείς της Eπιστήμης και της Τεχνολογίας Πολυμερών, συμπεριλαμβανομένων των: κινητική αντιδράσεων πολυμερισμού, σχεδιασμός αντιδραστήρων πολυμερισμού, συμπολυμερισμός, μοριακές, θερμικές και φυσικοχημικές ιδιότητες πολυμερών και τέλος κάποια στοιχεία εισαγωγής στη ρεολογία των πολυμερών και μηχανικών τους ιδιοτήτων.Το καθε κεφάλαιο περιλαμβανει 4 διαφορετικές ενότητες. Στην πρώτη, γίνεται μια σύντομη ανασκόπηση της θεωρίας, κυρίως καταγράφοντας τις απαραίτητες εξισώσεις, οι οποίες θα χρησιμοποιηθούν στη συνέχεια στην επίλυση των ασκήσεων. Το δεύτερο τμήμα περιλαμβάνει επίλυση σχετικά απλών προβλημάτων βασικού επιπέδου (τα οποία στοχεύουν κυρίως στους προπτυχιακούς φοιτητές). Στο τρίτο τμήμα αναπτύσσονται πιο πολύπλοκα προβλήματα, που μερικά ίσως χρειάζονται και αριθμητικές μεθόδους επίλυσης, με στόχο τους μεταπτυχιακούς φοιτητές. Τέλος, στο τελευταίο τμήμα υπάρχουν άλυτες ασκήσεις, στις οποίες θα δίνεται μόνο το τελικό αποτέλεσμα.Ετσι, μπορεί να χρησιμοποιηθεί ως βοήθημα σε μια πληθώρα θεωρητικών μαθημάτων που υπάρχουν πάνω στην Επιστήμη των Πολυμερών</subfield>
  </datafield>
  <datafield tag="650" ind1=" " ind2="0">
   <subfield code="a">Polymers</subfield>
   <subfield code="x">Problems, exercises, etc. </subfield>
   <subfield code="8">2310</subfield>
  </datafield>
  <datafield tag="653" ind1=" " ind2=" ">
   <subfield code="a">Μηχανική αντιδράσεων πολυμερισμού</subfield>
  </datafield>
  <datafield tag="653" ind1=" " ind2=" ">
   <subfield code="a">Ασκήσεις</subfield>
  </datafield>
  <datafield tag="653" ind1=" " ind2=" ">
   <subfield code="a">Συνθετικά μακρομόρια</subfield>
  </datafield>
  <datafield tag="653" ind1=" " ind2=" ">
   <subfield code="a">Πολυμερή</subfield>
  </datafield>
  <datafield tag="653" ind1=" " ind2=" ">
   <subfield code="a">Τεχνολογία και επιστήμες μηχανικών</subfield>
   <subfield code="a">Τεχνολογία και μηχανική υλικών</subfield>
  </datafield>
  <datafield tag="653" ind1=" " ind2=" ">
   <subfield code="a">Τεχνολογία και επιστήμες μηχανικών</subfield>
   <subfield code="a">Χημική τεχνολογία και μηχανική</subfield>
  </datafield>
  <datafield tag="653" ind1=" " ind2=" ">
   <subfield code="a">Χημεία/Γενική χημεία</subfield>
   <subfield code="a">Χημεία μακρομορίων</subfield>
  </datafield>
  <datafield tag="700" ind1="1" ind2=" ">
   <subfield code="a">Βουγιούκα, Σταματίνα</subfield>
   <subfield code="e">Κριτικός αναγνώστης</subfield>
   <subfield code="8">938</subfield>
  </datafield>
  <datafield tag="856" ind1="4" ind2="0">
   <subfield code="u">http://hdl.handle.net/11419/1359</subfield>
   <subfield code="z">Πλήρες Κείμενο - Full text</subfield>
  </datafield>
  <datafield tag="907" ind1=" " ind2=" ">
   <subfield code="a">.b25679296</subfield>
   <subfield code="b">12-06-18</subfield>
   <subfield code="c">29-07-16</subfield>
  </datafield>
  <datafield tag="949" ind1=" " ind2=" ">
   <subfield code="0">0</subfield>
   <subfield code="1">0</subfield>
   <subfield code="2">ddc</subfield>
   <subfield code="4">0</subfield>
   <subfield code="6">547_000000000000000_ΑΧΙ</subfield>
   <subfield code="7">0</subfield>
   <subfield code="8">KALL</subfield>
   <subfield code="8">688</subfield>
   <subfield code="d">2016-04-13</subfield>
   <subfield code="r">2016-04-13</subfield>
   <subfield code="w">2016-04-13</subfield>
   <subfield code="z">547 ΑΧΙ</subfield>
   <subfield code="o">SEAB KALLIPOS</subfield>
  </datafield>
  <datafield tag="998" ind1=" " ind2=" ">
   <subfield code="a">80</subfield>
   <subfield code="a">01</subfield>
   <subfield code="a">02</subfield>
   <subfield code="a">03</subfield>
   <subfield code="a">04</subfield>
   <subfield code="a">05</subfield>
   <subfield code="a">06</subfield>
   <subfield code="a">07</subfield>
   <subfield code="a">08</subfield>
   <subfield code="a">09</subfield>
   <subfield code="a">10</subfield>
   <subfield code="a">11</subfield>
   <subfield code="a">12</subfield>
   <subfield code="a">13</subfield>
   <subfield code="a">14</subfield>
   <subfield code="a">15</subfield>
   <subfield code="a">16</subfield>
   <subfield code="a">17</subfield>
   <subfield code="a">18</subfield>
   <subfield code="a">19</subfield>
   <subfield code="a">20</subfield>
   <subfield code="a">21</subfield>
   <subfield code="a">22</subfield>
   <subfield code="a">23</subfield>
   <subfield code="a">24</subfield>
   <subfield code="a">25</subfield>
   <subfield code="a">26</subfield>
   <subfield code="b">16-05-17</subfield>
   <subfield code="c">m</subfield>
   <subfield code="d">z  </subfield>
   <subfield code="e">-</subfield>
   <subfield code="f">gre</subfield>
   <subfield code="g">gr </subfield>
   <subfield code="h">2</subfield>
  </datafield>
  <datafield tag="942" ind1=" " ind2=" ">
   <subfield code="2">ddc</subfield>
   <subfield code="c">KALLIPOS</subfield>
  </datafield>
 </record>
</collection>
